[Event "55th World U20 ch"]
[Site "Bhubaneswar IND"]
[Date "2016.08.12"]
[Round "5.28"]
[White "Ritviz Bhiva, Parab"]
[Black "Gholami, Aryan"]
[Result "0-1"]
[WhiteElo "2259"]
[BlackElo "2461"]
[EventDate "2016.08.08"]
[PlyCount "146"]

1.e4 c5 2.Nf3 e6 3.g3 Nc6 4.Bg2 Nf6 5.Qe2 d6 6.O-O e5 7.c3 Be7 8.Rd1 Bg4 
9.h3 Bxf3 10.Qxf3 O-O 11.d3 Ne8 12.Na3 Bg5 13.Nc2 Bxc1 14.Raxc1 Qb6 15.Ne3
Qxb2 16.Nd5 Qa3 17.Qg4 Rd8 18.Rb1 b6 19.h4 Qa6 20.Bh3 Qb7 21.h5 h6 22.Qh4 
Nc7 23.Ne3 Ne6 24.f4 Qe7 25.Qg4 Kh8 26.Rf1 Rg8 27.Kh1 Qe8 28.Rbe1 Ne7 29.
f5 Nf8 30.f6 gxf6 31.Qh4 Nh7 32.Ng4 Rxg4 33.Bxg4 Ng8 34.Bd1 Ng5 35.Bb3 Kg7
36.Qg4 Qb5 37.Rd1 Qa5 38.Rc1 b5 39.Rfd1 Ne7 40.Rf1 f5 41.exf5 f6 42.Qe2 d5
43.a4 bxa4 44.Ba2 Rd7 45.c4 d4 46.Rb1 Qc7 47.Qg2 Nc6 48.Rb5 Nb4 49.Qa8 Nf7
50.Bb1 a3 51.Re1 a2 52.Bxa2 Nxa2 53.Re4 Nb4 54.Rb8 Nd8 55.Rg4+ Kh7 56.Rg6 
Nbc6 57.Rb5 Qd6 58.Qc8 Ne7 59.Qxc5 Qxc5 60.Rxc5 Nxg6 61.hxg6+ Kg7 62.Kg2 
Nb7 63.Rc6 e4 64.Kf2 exd3 65.Ke1 Na5 66.Rc5 Re7+ 67.Kd1 Nb7 68.Rd5 Rc7 69.
Rxd4 Na5 70.c5 Nb3 71.Rxd3 Nxc5 72.Ra3 Ne4 73.Ke2 h5 0-1

[Event "55th World U20 ch"]
[Site "Bhubaneswar IND"]
[Date "2016.08.12"]
[Round "5.29"]
[White "Martins, David Pires Tavares"]
[Black "Shailesh, Dravid"]
[Result "1-0"]
[WhiteElo "2402"]
[BlackElo "2224"]
[EventDate "2016.08.08"]
[PlyCount "57"]

1.Nf3 Nf6 2.c4 g6 3.g3 Bg7 4.Bg2 O-O 5.O-O d6 6.Nc3 e5 7.d3 Nc6 8.Rb1 a5 
9.Bg5 h6 10.Bxf6 Bxf6 11.a3 Bg7 12.b4 axb4 13.axb4 Ne7 14.Qc2 Be6 15.Nd2 
c6 16.Nb3 Qd7 17.Ra1 Bh3 18.Rxa8 Rxa8 19.Ra1 Rxa1+ 20.Nxa1 Bxg2 21.Kxg2 h5
22.e4 d5 23.Nb3 b6 24.b5 dxc4 25.dxc4 Nc8 26.Nd2 cxb5 27.cxb5 Na7 28.Nf3 
Nxb5 29.Qa4 1-0

[Event "55th World U20 ch"]
[Site "Bhubaneswar IND"]
[Date "2016.08.12"]
[Round "5.30"]
[White "Nihal, Sarin"]
[Black "Subramaniam, Shreyes"]
[Result "1/2-1/2"]
[WhiteElo "2358"]
[BlackElo "1863"]
[EventDate "2016.08.08"]
[PlyCount "215"]

1.d4 d5 2.c4 e6 3.Nf3 Nf6 4.Nc3 Be7 5.Bf4 O-O 6.e3 b6 7.Bd3 h6 8.O-O Bb7 
9.Rc1 c5 10.dxc5 bxc5 11.cxd5 exd5 12.Nh4 d4 13.exd4 cxd4 14.Nb5 Nd5 15.
Bc7 Nxc7 16.Rxc7 Ba6 17.Nf5 Bxb5 18.Nxe7+ Kh8 19.Rc8 Qxe7 20.Rxf8+ Qxf8 
21.Bxb5 a6 22.Bc4 Qc5 23.Bxf7 Nc6 24.Qd2 Ne5 25.Rc1 Qd6 26.Bb3 Ng4 27.g3 
Rf8 28.Rf1 d3 29.h3 Ne5 30.f4 Nd7 31.Bd1 Nc5 32.Bf3 Qd4+ 33.Qf2 Qc4 34.Qe3
Qb5 35.Rc1 Re8 36.Qxc5 d2 37.Rc4 Qxb2 38.Qf2 Qc1+ 39.Kg2 Qxc4 40.Qxd2 Rc8 
41.Bd5 Qa4 42.Bb3 Qe4+ 43.Kh2 a5 44.h4 a4 45.Qd7 Ra8 46.Bd5 Qc2+ 47.Kh3 
Rb8 48.Be6 Qe2 49.Qd6 Re8 50.Bf7 Qe7 51.Qg6 Rf8 52.Bc4 Rf6 53.Qd3 Rd6 54.
Qf3 Qd7+ 55.f5 Qc6 56.Qxc6 Rxc6 57.Bb5 Rc5 58.Bxa4 Rxf5 59.Bb3 h5 60.Kg2 
g6 61.a4 Rc5 62.Bd1 Rc3 63.Be2 Ra3 64.Bb5 Kg7 65.Kf2 Kf6 66.Be8 Kf5 67.
Bd7+ Ke4 68.Bc6+ Ke5 69.Be8 Kf6 70.Bb5 Rb3 71.Be8 Rc3 72.Bb5 Kf5 73.Be8 
Rd3 74.Bb5 Rd1 75.Be2 Rd2 76.Ke3 Ra2 77.Bf3 Rxa4 78.Kf2 Ra3 79.Kg2 Ra2+ 
80.Kg1 Rb2 81.Kf1 Ke5 82.Kg1 Kd4 83.Ba8 Ke3 84.Bc6 Rf2 85.Bb7 Rf7 86.Bc6 
Rf6 87.Bb7 Rf5 88.Kg2 Rb5 89.Bc6 Rb6 90.Bd5 Rb2+ 91.Kg1 Rb5 92.Bc6 Rc5 93.
Bb7 g5 94.hxg5 Rxg5 95.Kh2 Kf2 96.Kh3 Rxg3+ 97.Kh4 Rb3 98.Bc6 Rc3 99.Be8 
Kf3 100.Kxh5 Rc8 101.Bf7 Kf4 102.Kg6 Rc6+ 103.Kg7 Kg5 104.Kh8 Rh6+ 105.Kg7
Rd6 106.Kh8 Kf6 107.Bg8 Rd8 108.Kh7 1/2-1/2

[Event "55th World U20 ch"]
[Site "Bhubaneswar IND"]
[Date "2016.08.12"]
[Round "5.31"]
[White "Ranjan Sahoo, Utkal"]
[Black "Fan Huifeng"]
[Result "0-1"]
[WhiteElo "2266"]
[BlackElo "2223"]
[EventDate "2016.08.08"]
[PlyCount "82"]

1.d4 Nf6 2.c4 e6 3.Nf3 Bb4+ 4.Bd2 Qe7 5.g3 Bxd2+ 6.Qxd2 Nc6 7.Nc3 d5 8.Bg2
dxc4 9.O-O O-O 10.e4 Rd8 11.Rad1 e5 12.d5 Bg4 13.h3 Bxf3 14.Bxf3 Nd4 15.
Bg2 c6 16.dxc6 bxc6 17.Qe3 Qc5 18.Kh1 Qb6 19.Rb1 Ne6 20.Rfe1 Rd3 21.Qe2 
Nd4 22.Qf1 Rd8 23.Red1 Nb5 24.Qe1 h5 25.Rdc1 h4 26.gxh4 Nh5 27.Ne2 Nd4 28.
Rxc4 Nxe2 29.Qxe2 Nf4 30.Qe1 c5 31.Rc3 Qg6 32.Bf1 Qh5 33.Rxd3 Rxd3 34.Rc1 
Rxh3+ 35.Bxh3 Qf3+ 36.Kg1 Qxh3 37.Qf1 Qg4+ 38.Kh2 Qxh4+ 39.Kg1 Qg4+ 40.Kh2
Qh5+ 41.Kg1 Ne2+ 0-1

[Event "55th World U20 ch"]
[Site "Bhubaneswar IND"]
[Date "2016.08.12"]
[Round "5.32"]
[White "Tran Minh Thang"]
[Black "Holleland, Sigve"]
[Result "1-0"]
[WhiteElo "2353"]
[BlackElo "2106"]
[EventDate "2016.08.08"]
[PlyCount "46"]

1.d4 Nf6 2.Bf4 e6 3.e3 b6 4.Nf3 Bb7 5.Nbd2 Be7 6.a4 a5 7.Bd3 d5 8.c3 Ba6 
9.Bxa6 Nxa6 10.Qe2 c6 11.e4 dxe4 12.Nxe4 O-O 13.Ne5 Qd5 14.Nxf6+ Bxf6 15.
O-O c5 16.Rfd1 Qb7 17.Qb5 Rfd8 18.dxc5 Nxc5 19.Nc4 Qe4 20.Rxd8+ Rxd8 21.
Bc7 Rf8 22.Bxb6 Nd3 23.Be3 Nf4 1-0

[Event "55th World U20 ch"]
[Site "Bhubaneswar IND"]
[Date "2016.08.12"]
[Round "5.33"]
[White "Nyamdorj, Davaaochir"]
[Black "Karthik, Venkataraman"]
[Result "1/2-1/2"]
[WhiteElo "2015"]
[BlackElo "2305"]
[EventDate "2016.08.08"]
[PlyCount "97"]

1.e4 b6 2.d4 Bb7 3.Nc3 e6 4.Nf3 Bb4 5.Bd3 Nf6 6.Qe2 d5 7.exd5 Qxd5 8.O-O 
Bxc3 9.bxc3 Qh5 10.Ne5 Qxe2 11.Bxe2 O-O 12.a4 a5 13.Bf4 Nd5 14.Bd2 Nc6 15.
Nd3 Ba6 16.Bf3 Rad8 17.Rfe1 Rfe8 18.Nf4 Bc4 19.Be2 Bxe2 20.Rxe2 Nce7 21.
Nd3 Ng6 22.Rae1 Rf8 23.g3 Rd6 24.c4 Nde7 25.Bc3 Nf5 26.Re4 Rdd8 27.c5 Nge7
28.Ne5 Nd5 29.Ba1 Nb4 30.R4e2 bxc5 31.dxc5 Rd5 32.Bc3 Ra8 33.Rb1 Na6 34.
Bxa5 Nd4 35.Re4 Nxc5 36.c4 Nxe4 37.cxd5 f6 38.Bxc7 fxe5 39.d6 Nc5 40.a5 
Kf7 41.f4 exf4 42.Bb6 Ne2+ 43.Kf1 Na4 44.d7 Nxb6 45.axb6 Ke7 46.Kxe2 fxg3 
47.Rd1 gxh2 48.b7 Rd8 49.Kf3 1/2-1/2

[Event "55th World U20 ch"]
[Site "Bhubaneswar IND"]
[Date "2016.08.12"]
[Round "5.34"]
[White "Avik, Sarker"]
[Black "Arjun, Kalyan"]
[Result "0-1"]
[WhiteElo "2000"]
[BlackElo "2292"]
[EventDate "2016.08.08"]
[PlyCount "102"]

1.d4 d5 2.c4 c6 3.Nc3 Nf6 4.cxd5 cxd5 5.Nf3 Nc6 6.Bf4 Qb6 7.Na4 Qa5+ 8.Bd2
Qd8 9.e3 e6 10.Bd3 Bd6 11.Nc3 O-O 12.O-O e5 13.dxe5 Nxe5 14.Nxe5 Bxe5 15.
f4 Bd6 16.Nb5 Bc5 17.Nd4 Bxd4 18.exd4 Qb6 19.Bc3 Bd7 20.Re1 Bb5 21.Re5 
Bxd3 22.Qxd3 Rfe8 23.Rae1 Qc6 24.Rxe8+ Rxe8 25.Rxe8+ Qxe8 26.Bd2 Ne4 27.
Be3 Qc6 28.Kf1 f5 29.g3 Kf7 30.Qe2 g6 31.Kg2 Ke6 32.Kf3 a6 33.Qd3 Qc4 34.
Qb1 h6 35.Qc1 Kd7 36.Qb1 b5 37.h4 h5 38.a3 Qb3 39.Qc1 Qd3 40.Qe1 Qc2 41.
Qe2 Qb1 42.Qg2 Nd6 43.Qd2 Nc4 44.Qc1 Qxb2 45.Qxb2 Nxb2 46.Ke2 Nc4 47.Bc1 
a5 48.Kd3 b4 49.axb4 axb4 50.Kc2 Kc6 51.Bd2 Nxd2 0-1

[Event "55th World U20 ch"]
[Site "Bhubaneswar IND"]
[Date "2016.08.12"]
[Round "5.35"]
[White "Dassanayake, D. M. G. S."]
[Black "Squella Lavin, Carlos Felipe"]
[Result "0-1"]
[WhiteElo "1859"]
[BlackElo "2203"]
[EventDate "2016.08.08"]
[PlyCount "98"]

1.d4 d5 2.c4 e6 3.Nc3 c6 4.cxd5 exd5 5.Bf4 Nf6 6.e3 Bf5 7.Bd3 Bxd3 8.Qxd3 
Nbd7 9.h3 Be7 10.Nge2 O-O 11.O-O Re8 12.Rab1 b5 13.Rbc1 Qb6 14.Rc2 a5 15.
Rfc1 Rec8 16.Ng3 Rd8 17.Nf5 Bf8 18.Nb1 Ra6 19.Nd2 Qb7 20.Bd6 a4 21.Bxf8 
Kxf8 22.e4 dxe4 23.Qe3 h6 24.Qg3 g6 25.Nxh6 Re8 26.Qf4 Qb8 27.Qe3 Nd5 28.
Qg5 Qd6 29.Ng4 Nb4 30.Rc5 Nxc5 31.dxc5 Qd4 32.Nf6 e3 33.Nxe8 Qxd2 34.Qh6+ 
Kxe8 35.Qh8+ Kd7 36.Rf1 e2 37.g3 exf1=Q+ 38.Kxf1 Qd1+ 39.Kg2 Qd5+ 40.Kh2 
Kc7 41.Qf8 Qe6 42.Qh6 Nd5 43.Qd2 Ra8 44.a3 Rh8 45.h4 f6 46.Kg2 Qe4+ 47.f3 
Qe3 48.Qc2 Qe1 49.Qxg6 Ne3+ 0-1

[Event "55th World U20 ch"]
[Site "Bhubaneswar IND"]
[Date "2016.08.12"]
[Round "5.36"]
[White "Seppala, Joni"]
[Black "Taalaibekov, Tagir"]
[Result "0-1"]
[WhiteElo "1765"]
[BlackElo "2182"]
[EventDate "2016.08.08"]
[PlyCount "116"]

1.d4 Nf6 2.c4 e6 3.Nf3 Bb4+ 4.Bd2 Qe7 5.Nc3 b6 6.g3 Bb7 7.Bg2 O-O 8.O-O d6
9.Qc2 Bxc3 10.Bxc3 Be4 11.Qd2 Nbd7 12.e3 Bb7 13.Qc2 Be4 14.Qd2 Ne8 15.b4 
f5 16.a4 Rf6 17.a5 Rh6 18.Ne1 Bxg2 19.Kxg2 Nef6 20.Nd3 Ne4 21.Qc2 Qf7 22.
b5 Qh5 23.h4 Qg4 24.Rh1 Ndf6 25.Nf4 Nh5 26.Nxh5 Rxh5 27.Bb4 g5 28.Qd1 gxh4
29.Qxg4+ fxg4 30.Rxh4 Rxh4 31.gxh4 Rf8 32.Be1 Rf7 33.axb6 cxb6 34.Ra2 Kf8 
35.Ra1 Ke8 36.Ra2 Kd8 37.Ra1 Kc8 38.Ra2 Kb7 39.Ra1 h5 40.Ra2 Rf3 41.Ra3 d5
42.cxd5 exd5 43.Ra2 Nd6 44.Rb2 Rh3 45.Rb1 Rxh4 46.f3 Rh3 47.fxg4 hxg4 48.
Bg3 Nc4 49.e4 dxe4 50.Rc1 Ne3+ 51.Kf2 Nd5 52.Be5 Rf3+ 53.Ke2 Nc3+ 54.Kd2 
Nxb5 55.Ke2 Rd3 56.Rc4 Nc3+ 57.Kf2 Rf3+ 58.Ke1 Nd5 0-1

[Event "55th World U20 ch"]
[Site "Bhubaneswar IND"]
[Date "2016.08.12"]
[Round "5.37"]
[White "Skettos, Nicolas"]
[Black "Thogersen, Rasmus"]
[Result "0-1"]
[WhiteElo "1561"]
[BlackElo "2171"]
[EventDate "2016.08.08"]
[PlyCount "64"]

1.e4 e5 2.Nf3 Nc6 3.Bb5 a6 4.Ba4 Nf6 5.d3 d6 6.O-O g6 7.c3 Bg7 8.Re1 O-O 
9.Nbd2 Re8 10.Nf1 b5 11.Bb3 Na5 12.Bc2 c5 13.a4 Bb7 14.Ng3 d5 15.exd5 Nxd5
16.Ne4 Qc7 17.Bd2 f5 18.Nxc5 Qxc5 19.b4 Qc7 20.axb5 Nxc3 21.Bxc3 Qxc3 22.
bxa5 Bxf3 23.gxf3 axb5 24.Bb3+ Kh8 25.Qc2 Qb4 26.Bf7 Red8 27.Reb1 Qe7 28.
Qb3 e4 29.Ra2 Rxd3 30.Qe6 Qg5+ 31.Kh1 exf3 32.Rg1 Rd1 0-1

[Event "55th World U20 ch"]
[Site "Bhubaneswar IND"]
[Date "2016.08.12"]
[Round "5.38"]
[White "Salles, Louis"]
[Black "Lokander, Martin"]
[Result "1/2-1/2"]
[WhiteElo "2235"]
[BlackElo "2365"]
[EventDate "2016.08.08"]
[PlyCount "64"]

1.e4 e5 2.Nf3 Nc6 3.d4 exd4 4.Nxd4 Nf6 5.Nxc6 bxc6 6.e5 Qe7 7.Qe2 Nd5 8.c4
Ba6 9.Nd2 f6 10.Qe4 Nb6 11.exf6 Qxe4+ 12.Nxe4 Bxc4 13.Bxc4 Nxc4 14.b3 Ne5 
15.f4 Ng4 16.Bb2 Bb4+ 17.Ke2 O-O 18.a3 Ba5 19.Kf3 Nxf6 20.Bxf6 gxf6 21.Nc5
d6 22.Ne6 Rfe8 23.f5 c5 24.b4 cxb4 25.axb4 Bb6 26.Rhc1 a5 27.bxa5 Rxa5 28.
Rxa5 Bxa5 29.Rc6 Kf7 30.Ra6 Bb6 31.Ke4 Ke7 32.Ra3 Kd7 1/2-1/2

[Event "55th World U20 ch"]
[Site "Bhubaneswar IND"]
[Date "2016.08.12"]
[Round "5.39"]
[White "Tahay, Alexis"]
[Black "Weerasinghe, C. C."]
[Result "1-0"]
[WhiteElo "2098"]
[BlackElo "1785"]
[EventDate "2016.08.08"]
[PlyCount "65"]

1.e4 c5 2.Nf3 Nc6 3.d4 cxd4 4.Nxd4 e5 5.Nb5 d6 6.N1c3 a6 7.Na3 b5 8.Nd5 
Nge7 9.c4 Nd4 10.cxb5 Nxd5 11.exd5 Be7 12.Bd3 O-O 13.O-O f5 14.bxa6 f4 15.
Nc2 Nf5 16.Bd2 Rf6 17.Nb4 Rh6 18.Nc6 Qe8 19.b4 Bd8 20.b5 Bb6 21.a4 Nh4 22.
a5 Bc5 23.b6 Rxa6 24.Bxa6 Bxa6 25.Qg4 Nxg2 26.Kh1 Rg6 27.Qh3 Kh8 28.Rab1 
Bb7 29.a6 Bxc6 30.b7 Bxd5 31.b8=Q Ne1+ 32.f3 Bxf3+ 33.Qxf3 1-0

[Event "55th World U20 ch"]
[Site "Bhubaneswar IND"]
[Date "2016.08.13"]
[Round "6.1"]
[White "Artemiev, Vladislav"]
[Black "Karthikeyan, Murali"]
[Result "1/2-1/2"]
[WhiteElo "2665"]
[BlackElo "2514"]
[EventDate "2016.08.08"]
[PlyCount "61"]

1.Nf3 Nf6 2.c4 g6 3.Nc3 Bg7 4.e4 d6 5.d4 O-O 6.Be2 e5 7.d5 Nbd7 8.Be3 a5 
9.Nd2 Nc5 10.g4 c6 11.h4 Bd7 12.g5 Ne8 13.h5 Nc7 14.Nb3 cxd5 15.cxd5 Na4 
16.Nxa4 Bxa4 17.Bb6 Qe7 18.Qd2 Nb5 19.h6 Bh8 20.Bxb5 Bxb5 21.Nxa5 Ra6 22.
Be3 f5 23.gxf6 Qxf6 24.Rh3 Bd7 25.Bg5 Qf7 26.Ra3 Rxa5 27.Rxa5 Qf3 28.Qe2 
Qh1+ 29.Qf1 Qxe4+ 30.Qe2 Qh1+ 31.Qf1 1/2-1/2

[Event "55th World U20 ch"]
[Site "Bhubaneswar IND"]
[Date "2016.08.13"]
[Round "6.2"]
[White "Xiong, Jeffery"]
[Black "Xu Yinglun"]
[Result "1/2-1/2"]
[WhiteElo "2633"]
[BlackElo "2516"]
[EventDate "2016.08.08"]
[PlyCount "64"]

1.d4 d5 2.Bf4 Nf6 3.e3 Bf5 4.c4 e6 5.Nc3 a6 6.Qb3 Ra7 7.cxd5 Nxd5 8.Nxd5 
exd5 9.Nf3 c6 10.Be2 Nd7 11.O-O Be7 12.Ne1 O-O 13.Bd3 Bxd3 14.Nxd3 Re8 15.
Qc3 a5 16.Rad1 Bg5 17.Bxg5 Qxg5 18.Nc5 Qe7 19.Rfe1 f5 20.f3 Nxc5 21.dxc5 
Raa8 22.Rd4 Qc7 23.Ra4 g6 24.g3 b5 25.cxb6 Qxb6 26.Kf2 c5 27.Rd1 Qb5 28.
Qb3 Qxb3 29.axb3 Rab8 30.Ra3 Red8 31.Rxa5 Rxb3 32.Rd2 d4 1/2-1/2

[Event "55th World U20 ch"]
[Site "Bhubaneswar IND"]
[Date "2016.08.13"]
[Round "6.3"]
[White "Nasuta, Grzegorz"]
[Black "Aravindh, Chithambaram"]
[Result "1/2-1/2"]
[WhiteElo "2442"]
[BlackElo "2543"]
[EventDate "2016.08.08"]
[PlyCount "67"]

1.e4 e6 2.d4 d5 3.Nc3 dxe4 4.Nxe4 Nd7 5.Bd3 Ngf6 6.Qe2 c5 7.Nf3 cxd4 8.O-O
Nxe4 9.Bxe4 Bc5 10.Rd1 Qb6 11.Bf4 O-O 12.Rab1 g6 13.b4 Be7 14.Qc4 a5 15.
Bc7 Qa7 16.bxa5 Qc5 17.Rxd4 e5 18.Qxc5 Nxc5 19.Bxe5 Rxa5 20.Bd5 Bf5 21.Rd2
Ne4 22.Rdd1 Bc5 23.Rxb7 Nxf2 24.Bxf7+ Rxf7 25.Rd8+ Bf8 26.Rxf7 Kxf7 27.
Kxf2 Rxa2 28.Ng5+ Ke7 29.Rb8 Rxc2+ 30.Kg3 h6 31.Nh7 Rc8 32.Rb6 Kf7 33.Rf6+
Kg8 34.Rxf8+ 1/2-1/2

[Event "55th World U20 ch"]
[Site "Bhubaneswar IND"]
[Date "2016.08.13"]
[Round "6.4"]
[White "Mosadeghpour, Masoud"]
[Black "Narayanan, Sunilduth Lyna"]
[Result "1/2-1/2"]
[WhiteElo "2437"]
[BlackElo "2515"]
[EventDate "2016.08.08"]
[PlyCount "74"]

1.e4 c5 2.Nf3 d6 3.d4 cxd4 4.Nxd4 Nf6 5.Nc3 a6 6.f3 e5 7.Nb3 Be6 8.Be3 
Nbd7 9.Qd2 b5 10.a4 b4 11.Nd5 Bxd5 12.exd5 Nb6 13.Bxb6 Qxb6 14.a5 Qb7 15.
Ra4 Rb8 16.Bc4 g6 17.Nc1 h5 18.Nd3 Bh6 19.Qxb4 Qc7 20.Qc3 Nxd5 21.Bxd5 
Qxc3+ 22.bxc3 Rb1+ 23.Kf2 Rxh1 24.Rc4 Kd7 25.Bxf7 Ra1 26.Bxg6 Rxa5 27.Bf5+
Ke7 28.Rc7+ Kf6 29.Be4 d5 30.Rc6+ Ke7 31.Bf5 Rf8 32.Re6+ Kd8 33.Rd6+ Ke7 
34.Re6+ Kd8 35.Rd6+ Kc7 36.Rd7+ Kb8 37.Be6 Rf6 1/2-1/2

[Event "55th World U20 ch"]
[Site "Bhubaneswar IND"]
[Date "2016.08.13"]
[Round "6.5"]
[White "Tran Tuan Minh"]
[Black "Alexeenko, Kiril"]
[Result "0-1"]
[WhiteElo "2473"]
[BlackElo "2582"]
[EventDate "2016.08.08"]
[PlyCount "67"]

1.d4 Nf6 2.c4 g6 3.Nc3 d5 4.Bg5 Ne4 5.Bh4 Nxc3 6.bxc3 dxc4 7.e3 Be6 8.Be2 
Bg7 9.Nh3 Bxh3 10.gxh3 Qd7 11.Bg3 Nc6 12.Bxc4 Qxh3 13.Qf3 O-O 14.Bd5 Nd8 
15.Qg2 Qc8 16.h4 c6 17.Bb3 h5 18.Qe4 e6 19.Rg1 c5 20.Ke2 cxd4 21.cxd4 Qd7 
22.Rac1 Nc6 23.Rc5 Rfe8 24.Bf4 Rac8 25.Rxh5 f5 26.Qf3 gxh5 27.Bh6 Ne5 28.
dxe5 Qb5+ 29.Ke1 Rc1+ 30.Bd1 Rd8 31.Rxg7+ Kh8 32.Rg8+ Rxg8 33.Bg5 Qb4+ 34.
Kf1 0-1

[Event "55th World U20 ch"]
[Site "Bhubaneswar IND"]
[Date "2016.08.13"]
[Round "6.6"]
[White "Maghsoodloo, Parham"]
[Black "Praggnanandhaa, R."]
[Result "1/2-1/2"]
[WhiteElo "2576"]
[BlackElo "2429"]
[EventDate "2016.08.08"]
[PlyCount "66"]

1.Nf3 Nf6 2.g3 g6 3.Bg2 Bg7 4.O-O O-O 5.c4 c6 6.d4 d5 7.Qb3 Qb6 8.Nc3 Bf5 
9.Qxb6 axb6 10.cxd5 Nxd5 11.Nxd5 cxd5 12.Bd2 Nc6 13.e3 Bd3 14.Rfc1 e6 15.
Ne1 Ba6 16.Bc3 Rfc8 17.Bf1 Bxf1 18.Kxf1 Bf8 19.a4 Na5 20.Bxa5 bxa5 21.Nd3 
Bd6 22.Ke2 Kf8 23.Rc3 Rc4 24.Rxc4 dxc4 25.Nc1 Ra6 26.Kd2 Rb6 27.Kc2 e5 28.
Ne2 exd4 29.Nxd4 Rb4 30.Nf3 Ke7 31.h3 f6 32.g4 Ke6 33.Nd2 Be5 1/2-1/2

[Event "55th World U20 ch"]
[Site "Bhubaneswar IND"]
[Date "2016.08.13"]
[Round "6.7"]
[White "Svane, Rasmus"]
[Black "Beradze, Irakli"]
[Result "1-0"]
[WhiteElo "2546"]
[BlackElo "2440"]
[EventDate "2016.08.08"]
[PlyCount "107"]

1.d4 Nf6 2.c4 e6 3.Nf3 b6 4.g3 Bb4+ 5.Bd2 c5 6.Bg2 Bb7 7.Bxb4 cxb4 8.O-O 
O-O 9.Qd3 d6 10.Nbd2 a5 11.Rfe1 Nbd7 12.e4 e5 13.Nh4 g6 14.Nf1 Re8 15.Rad1
Qc7 16.f3 Nf8 17.dxe5 Qc5+ 18.Qe3 dxe5 19.Qxc5 bxc5 20.Rd6 Ra6 21.Red1 Ne6
22.Rxa6 Bxa6 23.Ne3 Nd4 24.Kf2 Kg7 25.Bh3 Kf8 26.Nhg2 Ke7 27.Ne1 h5 28.Nd3
Kd6 29.Ra1 a4 30.a3 b3 31.Rd1 Bb7 32.Nc1 Nd7 33.Ne2 Nb6 34.Nc3 Ba6 35.Bf1 
Ra8 36.Ned5 Nxd5 37.exd5 f5 38.Nxa4 Bxc4 39.Nb6 Bxd5 40.Nxa8 Bxa8 41.f4 
Bd5 42.fxe5+ Kxe5 43.a4 Nc6 44.h4 Na5 45.Bb5 c4 46.Ke3 Nb7 47.Kd2 Kd4 48.
Kc1+ Kc5 49.Be8 Be4 50.Bxg6 Kb4 51.Bxh5 Nc5 52.Be2 Ne6 53.Rd6 Nc5 54.Rd4 
1-0

[Event "55th World U20 ch"]
[Site "Bhubaneswar IND"]
[Date "2016.08.13"]
[Round "6.8"]
[White "Gagare, Shardul"]
[Black "Menezes, Christoph"]
[Result "1/2-1/2"]
[WhiteElo "2486"]
[BlackElo "2408"]
[EventDate "2016.08.08"]
[PlyCount "34"]

1.d4 Nf6 2.c4 e6 3.Nf3 b6 4.g3 Ba6 5.b3 Bb4+ 6.Bd2 Be7 7.Nc3 d5 8.Bg2 O-O 
9.cxd5 exd5 10.O-O Re8 11.Qc2 c5 12.dxc5 Nc6 13.Rfe1 bxc5 14.Qf5 Bc8 15.
Qc2 Ba6 16.Qf5 Bc8 17.Qc2 Ba6 1/2-1/2

[Event "55th World U20 ch"]
[Site "Bhubaneswar IND"]
[Date "2016.08.13"]
[Round "6.9"]
[White "Beukema, Stefan"]
[Black "Wagner, Dennis"]
[Result "1/2-1/2"]
[WhiteElo "2380"]
[BlackElo "2572"]
[EventDate "2016.08.08"]
[PlyCount "65"]

1.e4 e5 2.Nf3 Nc6 3.Bc4 Bc5 4.c3 Nf6 5.d3 a6 6.Bb3 Ba7 7.Nbd2 O-O 8.O-O d6
9.h3 h6 10.Re1 Be6 11.Nf1 d5 12.Ng3 dxe4 13.dxe4 Qxd1 14.Rxd1 Rad8 15.Be3 
Bxe3 16.fxe3 Bxb3 17.axb3 a5 18.Kf2 Nd7 19.Rd5 Nb6 20.Rb5 f6 21.h4 Rd7 22.
h5 Nc8 23.Nf5 b6 24.Rd5 Rfd8 25.Rad1 Nb8 26.Ke2 Kf7 27.N3h4 b5 28.Ra1 Rxd5
29.exd5 Rxd5 30.Rxa5 Nc6 31.Ra8 Rd8 32.e4 Nb6 33.Ra1 1/2-1/2

[Event "55th World U20 ch"]
[Site "Bhubaneswar IND"]
[Date "2016.08.13"]
[Round "6.11"]
[White "Lorparizangeneh, Shahin"]
[Black "Harsha, Bharathakoti"]
[Result "1/2-1/2"]
[WhiteElo "2478"]
[BlackElo "2344"]
[EventDate "2016.08.08"]
[PlyCount "62"]

1.c4 e5 2.g3 Nf6 3.Bg2 c6 4.d4 e4 5.Nc3 d5 6.Bg5 Nbd7 7.Nh3 Bb4 8.cxd5 
Bxc3+ 9.bxc3 cxd5 10.f3 h6 11.Bf4 O-O 12.O-O exf3 13.exf3 Nb6 14.Nf2 Bf5 
15.g4 Bh7 16.Qb3 Nc4 17.Qxb7 Qb6 18.Qe7 Rfe8 19.Qb4 g5 20.Bc1 Qa6 21.Qb3 
Rab8 22.Qd1 Qa5 23.f4 Qxc3 24.fxg5 Qxa1 25.gxf6 Rbd8 26.g5 Bg6 27.h4 h5 
28.Nh3 Qc3 29.Nf4 Ne3 30.Bxe3 Qxe3+ 31.Kh2 Kh7 1/2-1/2

[Event "55th World U20 ch"]
[Site "Bhubaneswar IND"]
[Date "2016.08.13"]
[Round "6.12"]
[White "Visakh, N. R."]
[Black "Dhulipalla, Bala Chandra Prasad"]
[Result "1/2-1/2"]
[WhiteElo "2431"]
[BlackElo "2276"]
[EventDate "2016.08.08"]
[PlyCount "76"]

1.d4 Nf6 2.Bg5 Ne4 3.Bf4 c5 4.f3 Qa5+ 5.c3 Nf6 6.d5 Qb6 7.Bc1 e6 8.e4 d6 
9.Na3 exd5 10.exd5 Be7 11.Bb5+ Nbd7 12.Ne2 O-O 13.Ba4 a6 14.Bc2 Qc7 15.c4 
b5 16.cxb5 Nb6 17.Nc3 Bb7 18.bxa6 Bxa6 19.Kf2 Bb7 20.Re1 Nbxd5 21.Nxd5 
Nxd5 22.Kg1 Bf6 23.Rb1 c4 24.Kh1 Nb4 25.Bf4 Rfd8 26.Be4 Bxe4 27.Rxe4 Nd3 
28.Qc2 Nxb2 29.Nxc4 Qc6 30.Qe2 Nxc4 31.Rxc4 Qa6 32.Rc2 d5 33.Rd1 d4 34.
Qxa6 Rxa6 35.Rd3 h5 36.a3 Re8 37.Bd2 Be7 38.Rxd4 Bxa3 1/2-1/2

[Event "55th World U20 ch"]
[Site "Bhubaneswar IND"]
[Date "2016.08.13"]
[Round "6.13"]
[White "Mousavi, Seyed Khalil"]
[Black "Sammed Jaykumar, Shete"]
[Result "1-0"]
[WhiteElo "2422"]
[BlackElo "2253"]
[EventDate "2016.08.08"]
[PlyCount "143"]

1.c4 Nf6 2.Nc3 g6 3.g3 Bg7 4.Bg2 O-O 5.d4 d6 6.e3 e5 7.Nge2 c6 8.O-O a5 9.
b3 Na6 10.h3 Re8 11.Bb2 h5 12.e4 exd4 13.Nxd4 Nc5 14.Re1 Qb6 15.Rb1 Nfd7 
16.Nf3 Ne5 17.Nxe5 dxe5 18.Qd2 a4 19.Qe3 axb3 20.axb3 Be6 21.Ne2 Red8 22.
Nc1 Kh7 23.Kh1 Bh6 24.f4 exf4 25.gxf4 Na4 26.Qxb6 Nxb6 27.Rf1 f5 28.e5 Rd2
29.Bc3 Rc2 30.Bb4 Nd7 31.h4 c5 32.Be1 Nxe5 33.Bg3 Ng4 34.Re1 Rd8 35.Rxe6 
Bxf4 36.Re7+ Kg8 37.Ne2 Rxe2 38.Bd5+ Kf8 39.Rxe2 Bxg3 40.Re6 Kg7 41.b4 
cxb4 42.Rxb4 Bxh4 43.Rxb7+ Kh6 44.Rbb6 Kg5 45.Rxg6+ Kf4 46.Rbd6 Rb8 47.Rb6
Rd8 48.Rgd6 Re8 49.Be6 Ra8 50.Ra6 Rb8 51.Rdb6 Rd8 52.Bd5 Re8 53.Re6 Rb8 
54.Rab6 Rg8 55.Re2 Nf2+ 56.Kh2 Rg7 57.c5 Bg3+ 58.Kg2 Nd3 59.Rb3 Bf2+ 60.
Kh1 Rg1+ 61.Kh2 Rd1 62.c6 Bg3+ 63.Kg2 Kg4 64.Bf3+ Kh4 65.Re4+ fxe4 66.Bxd1
Nf4+ 67.Kf1 Nd5 68.Rb5 Ne3+ 69.Ke2 Nc4 70.c7 Nd6 71.Rb8 Kh3 72.Rd8 1-0

[Event "55th World U20 ch"]
[Site "Bhubaneswar IND"]
[Date "2016.08.13"]
[Round "6.14"]
[White "Grandadam, Patrik"]
[Black "Bersamina, Paulo"]
[Result "1/2-1/2"]
[WhiteElo "2325"]
[BlackElo "2402"]
[EventDate "2016.08.08"]
[PlyCount "56"]

1.d4 Nf6 2.c4 e6 3.Nc3 Bb4 4.f3 c5 5.d5 O-O 6.e4 d6 7.Ne2 b5 8.Nf4 exd5 9.
Nxd5 Nxd5 10.Qxd5 Qb6 11.Bf4 Rd8 12.Bg5 Re8 13.Rd1 Bb7 14.Qxd6 Nc6 15.cxb5
c4 16.Qd2 Ne5 17.Be3 Qg6 18.Bf4 Nxf3+ 19.gxf3 Bxe4 20.fxe4 Bxc3 21.bxc3 
Qxe4+ 22.Kf2 Rad8 23.Qxd8 Qxf4+ 24.Kg2 Qg4+ 25.Kf2 Qf4+ 26.Kg2 Qg4+ 27.Kf2
Qf4+ 28.Kg2 Qg4+ 1/2-1/2

[Event "55th World U20 ch"]
[Site "Bhubaneswar IND"]
[Date "2016.08.13"]
[Round "6.15"]
[White "Akash, Ganesan"]
[Black "Srijit, Paul"]
[Result "1-0"]
[WhiteElo "2400"]
[BlackElo "2217"]
[EventDate "2016.08.08"]
[PlyCount "113"]

1.Nf3 f5 2.d3 g6 3.e4 d6 4.exf5 Bxf5 5.d4 Bg7 6.Bd3 Qd7 7.Nc3 Nf6 8.O-O 
O-O 9.Bxf5 Qxf5 10.d5 e5 11.Ng5 Na6 12.Ne6 Rf7 13.h3 Qh5 14.Be3 Qxd1 15.
Rfxd1 Re7 16.Bg5 h6 17.Bxf6 Bxf6 18.Ne4 Bh8 19.c4 Nb4 20.Rd2 c6 21.Nxd6 
cxd5 22.cxd5 Nxd5 23.Rxd5 Rxe6 24.Ne4 Rc6 25.Rad1 Rc7 26.Rd6 Rf8 27.Rxg6+ 
Kh7 28.Rgd6 Rff7 29.b3 Bg7 30.R6d5 Rf4 31.f3 Rff7 32.Kf2 Rc2+ 33.R1d2 Rcc7
34.Ke2 Rfe7 35.h4 Kg6 36.Rd6+ Kf7 37.g4 Rc1 38.Rd1 Rxd1 39.Kxd1 Rc7 40.h5 
Bf8 41.Rf6+ Ke7 42.g5 Rd7+ 43.Ke2 hxg5 44.Rg6 Rc7 45.Rxg5 Rc2+ 46.Kd3 Rxa2
47.Rxe5+ Kf7 48.Rf5+ Ke7 49.Ng5 Bh6 50.f4 Rh2 51.Rf7+ Ke8 52.Rxb7 Rxh5 53.
Rh7 a5 54.Ke4 Rh4 55.Ne6 Rh3 56.Kf5 Rh2 57.Ke4 1-0

[Event "55th World U20 ch"]
[Site "Bhubaneswar IND"]
[Date "2016.08.13"]
[Round "6.16"]
[White "Xu Yi"]
[Black "Rakesh, Kumar Jena"]
[Result "1-0"]
[WhiteElo "2371"]
[BlackElo "2161"]
[EventDate "2016.08.08"]
[PlyCount "67"]

1.e4 c5 2.Nf3 Nc6 3.Bb5 d6 4.O-O Bd7 5.Re1 a6 6.Bxc6 bxc6 7.c3 Nf6 8.e5 
Nd5 9.exd6 e6 10.c4 Nf6 11.b3 Bxd6 12.Nc3 O-O 13.Na4 e5 14.Nxe5 Bxe5 15.
Rxe5 Ng4 16.Re2 Qc7 17.g3 Ne5 18.Bb2 Nf3+ 19.Kh1 Bg4 20.Re3 Qd6 21.Rxf3 
Qg6 22.Kg2 Qh5 23.h4 f5 24.Qe2 f4 25.Qd3 Rad8 26.Qc3 Qg6 27.Rxf4 Rxf4 28.
gxf4 Bh3+ 29.Kxh3 Rd3+ 30.f3 Qf5+ 31.Kg3 Qg6+ 32.Kf2 Rxc3 33.Bxc3 Qf5 34.
Ke3 1-0